书目信息 |
| 题名: |
我们为什么会生病
|
|
| 作者: | 尼斯 , 威廉斯 著 ;易凡 , 禹宽平 译 | |
| 分册: | ||
| 出版信息: | 长沙 湖南科学技术出版社 2018 |
|
| 页数: | 21,315页 | |
| 开本: | 21cm | |
| 丛书名: | 第一推动丛书 | |
| 单 册: | ||
| 中图分类: | R363.1 | |
| 科图分类: | ||
| 主题词: | 进化论--应用--病因学--研究 | |
| 电子资源: | ||
| ISBN: | 978-7-5357-9503-8 | |
| 000 | 01271oam2 2200325 450 | |
| 001 | 3579 | |
| 005 | 20180527165938.33 | |
| 010 | @a978-7-5357-9503-8@dCNY49.00 | |
| 010 | @a978-7-5357-9558-8@bCNY2598.00(全套) | |
| 100 | @a20180513d2018 em y0chiy50 ea | |
| 101 | 1 | @achi@ceng |
| 102 | @aCN@b430000 | |
| 105 | @aa z 000yy | |
| 200 | 1 | @a我们为什么会生病@9wo men wei shi me hui sheng bing@dWy we get sick@f(美)伦道夫·M. 尼斯(Randolph M. Nesse),(美)乔治·C. 威廉斯(George C. Williams)著@g易凡,禹宽平译@zeng |
| 210 | @a长沙@c湖南科学技术出版社@d2018 | |
| 215 | @a21,315页@c图@d21cm | |
| 225 | 1 | @a第一推动丛书@i生命系列@v07 |
| 305 | @a湖南科学技术出版社通过Brockman, Inc.独家获得本书中文简体版中国大陆出版发行权 | |
| 330 | @a本书作者主张从演化的视角审视人体、疾病、衰老等健康议题,别开生面,旁征博引,启发思考。 | |
| 461 | 0 | @12001 @a第一推动丛书 |
| 462 | 0 | @12001 @a生命系列 |
| 510 | 1 | @aWy we get sick@zeng |
| 606 | 0 | @a进化论@x应用@x病因学@x研究 |
| 690 | @aR363.1@v5 | |
| 701 | 0 | @c(美)@a尼斯@9ni si@c(Nesse, Randolph M.)@4著 |
| 701 | 0 | @c(美)@a威廉斯@9wei lian si@c(Williams, George C.)@4著 |
| 702 | 0 | @a易凡@9yi fan@f(1929-)@4译 |
| 702 | 0 | @a禹宽平@9yu kuan ping@4译 |
| 801 | 0 | @aCN@b91MARC@c20180513 |
| 905 | @aMuseLib@dR363.1@e297 | |
| 我们为什么会生病=Wy we get sick/(美)伦道夫·M. 尼斯(Randolph M. Nesse),(美)乔治·C. 威廉斯(George C. Williams)著/易凡,禹宽平译.-长沙:湖南科学技术出版社,2018 |
| 21,315页:图;21cm.-(第一推动丛书.生命系列;07) |
| ISBN 978-7-5357-9503-8:CNY49.00 |
| 本书作者主张从演化的视角审视人体、疾病、衰老等健康议题,别开生面,旁征博引,启发思考。 |
| ● |
| 相关链接 |
|
|
|
|
正题名:我们为什么会生病
索取号:R363.1/297
 
预约/预借
| 序号 | 登录号 | 条形码 | 馆藏地/架位号 | 状态 | 备注 |
| 1 | 1109768 | 211097686 | 第二样本阅览室/ [索取号:R363.1/297] | 在馆 | |
| 2 | 1109769 | 211097695 | 教育系资料室/ [索取号:R363.1/297] | 在馆 | |
| 3 | 1109770 | 211097702 | 教育系资料室/ [索取号:R363.1/297] | 在馆 | |
| 4 | 1109771 | 211097711 | 第三借阅区/ [索取号:R363.1/297] | 在馆 |